Získavanie zdrojov financovania na finančnom trhu, možnosti a problémy v SR diplomová práca

Gespeichert in:
Bibliographische Detailangaben
1. Verfasser: Horváthová, Barbora
Körperschaft: Fakulta podnikového manažmentu EU. Katedra podnikových financií
Weitere Verfasser: Miková, Oľga
Format: Buch
Sprache:Slowakisch
Veröffentlicht: Bratislava 2012
Tags: Tag hinzufügen
Keine Tags, Fügen Sie das erste Tag hinzu!

MARC

LEADER 00000nbm a2200000 4500
001 0152542
005 20161109102044.3
041 0 |a slo 
044 |a SK 
245 1 0 |a Získavanie zdrojov financovania na finančnom trhu, možnosti a problémy v SR  |b diplomová práca  |c Barbora Horváthová ; školiteľ: Oľga Miková 
264 1 |a Bratislava  |c 2012 
300 |a 67 s. 
100 1 |a Horváthová, Barbora 
700 1 |a Miková, Oľga 
710 2 |a Fakulta podnikového manažmentu EU. Katedra podnikových financií